China Lofts /
Na minha lista:
| Formato: | Livro |
|---|---|
| Idioma: | inglês |
| Publicado em: |
Gloucester :
Rockport publishers,
2006
|
| Assuntos: | |
| Tags: |
Sem tags, seja o primeiro a adicionar uma tag!
|
MARC
| LEADER | 00000nam a22000003a 4500 | ||
|---|---|---|---|
| 001 | stu146552 | ||
| 005 | 20141122185200.5 | ||
| 008 | 071011s2006------------------------eng-d | ||
| 020 | |a 978-1-59253-359-6 | ||
| 040 | |a STU |b slo | ||
| 041 | 0 | |a eng | |
| 245 | |a China Lofts / |c aut. Wang Yan Lai | ||
| 260 | |a Gloucester : |b Rockport publishers, |c 2006 | ||
| 300 | |a 198 s | ||
| 650 | 7 | |a lofty |2 stusub | |
| 650 | 7 | |a rekonštrukcie |2 stusub | |
| 650 | 7 | |a podkrovia |2 stusub | |
| 996 | |b 284AU03656 |c A*5481 U |l AAKNAR |s A |a 24 |w stu146552_0001 | ||